| 000 | 01309cam a22003614a 4500 | ||
|---|---|---|---|
| 001 | 7844152 | ||
| 003 | OSt | ||
| 005 | 20211122102208.0 | ||
| 006 | m d | ||
| 007 | cr n | ||
| 008 | 070601s2007 gw a sb 001 0 eng d | ||
| 020 | _a9783540734239 | ||
| 035 | _a(WaSeSS)ssj0000289532 | ||
| 038 | _aKhadija | ||
| 040 |
_aDLC _cDLC _dDLC _dWaSeSS |
||
| 050 | 4 |
_aTJ211.495 _b.A984 2007 |
|
| 082 | 0 | 0 |
_a629.89263 _222 _bAUT |
| 210 | 1 | 0 | _aAutonomous robots and agents |
| 245 | 0 | 0 |
_aAutonomous Robots and Agents / _cSubhas Chandra Mukhopadhyay, Gourab Sen Gupta (eds.). |
| 260 |
_aBerlin ; _aNew York : _bSpringer, _cc2007. |
||
| 440 | 0 |
_aStudies in computational intelligence ; _vvol. 76 _984848 |
|
| 504 | _aIncludes bibliographical references and index. | ||
| 506 | _aLicense restrictions may limit access. | ||
| 563 | _aHB | ||
| 650 | 0 |
_aAutonomous robots. _984849 |
|
| 650 | 0 |
_aIntelligent agents (Computer software) _984850 |
|
| 700 | 1 |
_aMukhopadhyay, Subhas Chandra. _984851 |
|
| 700 | 1 |
_aSen Gupta, Gourab. _984852 |
|
| 773 | 0 | _tSpringerLink ebooks - Engineering (2007) | |
| 856 | 4 | 0 |
_uhttp://www.columbia.edu/cgi-bin/cul/resolve?clio7844152 _zFull text available from SpringerLink ebooks - Engineering (2007) |
| 910 | _aLibrary of Congress record | ||
| 942 |
_2ddc _cBK |
||
| 999 |
_c31864 _d31864 |
||